Extended refinement methodology for automatic keyphrase assignment (Record no. 490837)
[ view plain ]
| 000 -LEADER | |
|---|---|
| fixed length control field | 00570nam a22001697a 4500 |
| 003 - CONTROL NUMBER IDENTIFIER | |
| control field | NUST |
| 038 ## - RECORD CONTENT LICENSOR | |
| Staff Name | Mr. Zahoor |
| 082 ## - DEWEY DECIMAL CLASSIFICATION NUMBER | |
| Classification number | MSIT-10 RAB |
| 100 ## - MAIN ENTRY--PERSONAL NAME | |
| Personal name | Rabia Irfan |
| 9 (RLIN) | 24229 |
| 245 ## - TITLE STATEMENT | |
| Title | Extended refinement methodology for automatic keyphrase assignment |
| 260 ## - PUBLICATION, DISTRIBUTION, ETC. | |
| Place of publication, distribution, etc. | Islamabad |
| Name of publisher, distributor, etc. | NUST-SEECS |
| Date of publication, distribution, etc. | 2012 |
| 300 ## - PHYSICAL DESCRIPTION | |
| Extent | 137p. |
| 500 ## - GENERAL NOTE | |
| General note | Supervisors;Dr. sharifullah, Dr. Khalid Latif, Dr. Hamid Mukhtar, Dr. Ali Mustafa Qamar |
| 650 ## - SUBJECT ADDED ENTRY--TOPICAL TERM | |
| Topical term or geographic name entry element | Information Technology - MS Thesis. |
| 9 (RLIN) | 16355 |
| 856 ## - ELECTRONIC LOCATION AND ACCESS | |
| Uniform Resource Identifier | <a href="http://10.250.8.41:8080/xmlui/handle/123456789/13426">http://10.250.8.41:8080/xmlui/handle/123456789/13426</a> |
| 942 ## - ADDED ENTRY ELEMENTS (KOHA) | |
| Koha item type | Thesis |
| Source of classification or shelving scheme | |
| Withdrawn status | Lost status | Source of classification or shelving scheme | Damaged status | Not for loan | Permanent Location | Current Location | Shelving location | Date acquired | Source of acquisition | Full call number | Barcode | Date last seen | Price effective from | Koha item type |
|---|---|---|---|---|---|---|---|---|---|---|---|---|---|---|
| Central Library (CL) | Central Library (CL) | General Stacks | 07/25/2017 | NUST-SEECS | MSIT-10 RAB | SEECSP01202 | 07/25/2017 | 07/25/2017 | Project Report | |||||
| Central Library (CL) | Central Library (CL) | Thesis | 10/17/2019 | 004 | CL-T-3459 | 10/17/2019 | 10/17/2019 | Thesis |
